000 00802nas a2200253 4500
001 BR2011005276
003 BR-BrBNA
005 20231205115601.0
007 ta
008 230509b bl.|||p| |||| 00| 00por d
040 _aBR-BrBNA
_bpor
_cBiblioteca Nacional de Agricultura
041 _a(En)
072 _aL74
100 1 _aColling, A.
100 1 _aAndriolo, A.
100 1 _aCampolina, I.
245 1 _aA presumptive poisonous snakebite in a Shepherd dog in Juiz de Fora, Minas Gerais, Brazil - case report
650 _aCÃO
650 _aCOBRA VENENOSA
650 _aMINAS GERAIS
773 0 _tRevista Brasileira de Medicina Veterinária (Brazil)
_xISSN 0100-2430
_g(Jan-Mar 2011), v. 33(1) p. 12-17
_wBR2011005276
909 _a202311
_bLúcia
_c55
_dLúcia Elande
942 _2AGRIS
_n0
_cANA
999 _c214606
_d214606